| 000 | 01037nam0a22002411i 4500 | ||
|---|---|---|---|
| 001 | rc\3803735 | ||
| 005 | 20240726005337.0 | ||
| 021 |
_aRU _b[75-42766а] |
||
| 035 | _a(NLR Aleph) 007248728 | ||
| 090 |
_a5182072 _c5182072 |
||
| 100 | _a20120311d1975 |||y0rusy50 ca | ||
| 101 | 0 | _arus | |
| 102 | _aRU | ||
| 105 | _ay d ||||| | ||
| 200 | 1 |
_aКапиталовложения - основа повышения интенсификации и эффективности сельскохозяйственного производства _e(На материалах колхозов Ош. обл. КиргССР) _eАвтореф. дис. на соиск. учен. степени канд. экон. наук _e(08.00.05) _fТашк. ин-т нар. хоз-ва |
|
| 210 |
_aТашкент _d1975 |
||
| 215 | _a25 с. | ||
| 320 | _aСписок работ авт.: с. 24-25 (10 назв.) | ||
| 700 | 1 |
_aКадиров _bА. _gАдина |
|
| 801 | 0 |
_aRU _bNLR _gpsbo |
|
| 801 | 1 |
_aRU _bELAR _2rusmarc |
|
| 852 |
_aNLR _j75-6/3712 |
||
| 942 | _cBOOK | ||